Statistics for Largest lakes in area by continents

Click here to take the quiz!

General Stats

  • This quiz has been taken 227 times
    (208 since last reset)
  • The average score is 4 of 7

Answer Stats

HintAnswer% Correct
AfricaVictoria
95%
N. AmericaSuperior
92%
AsiaBaikal
78%
S. AmericaTiticaca
74%
EuropeLadoga
46%
AntarcticaVostok
28%
OceaniaEyre
27%

Score Distribution

Percentile by Number Answered

Percent of People with Each Score

Your Score History

You have not taken this quiz since the last reset